书目信息 |
| 题名: |
二、三年制师范专科学校教学大纲
|
|
| 作者: | ;教育部 审订 | |
| 分册: | 供数学专业试用 | |
| 出版信息: | 北京 高等教育出版社 1983 |
|
| 页数: | 118页 | |
| 开本: | 21cm | |
| 丛书名: | ||
| 单 册: | ||
| 中图分类: | G652.3 | |
| 科图分类: | ||
| 主题词: | 师范大学-教学大纲 , 教育--各级 , 教学大纲-师范大学 | |
| 电子资源: | ||
| ISBN: | ||
| 000 | 00796nam0 2200265 45 | |
| 001 | 0183011162 | |
| 005 | 20070609173049.18 | |
| 010 | @dCNY0.36 | |
| 091 | @a7010.0572 | |
| 100 | @a19950224d1983 em y0chiy0121 ea | |
| 101 | 0 | @achi |
| 102 | @aCN@b110000 | |
| 105 | @ay z 000yy | |
| 200 | 10 | @a二、三年制师范专科学校教学大纲@Aer、 san nian zhi shi fan zhuan ke xue xiao jiao xue da gang@i供数学专业试用@f教育部审订@Fjiao yu bu shen ding |
| 210 | @a北京@c高等教育出版社@d1983 | |
| 215 | @a118页@d21cm | |
| 300 | @a供物理专业试用 | |
| 606 | @a师范大学-教学大纲 | |
| 606 | 0 | @a教育@x各级 |
| 606 | @a教学大纲-师范大学 | |
| 690 | @aG652.3 | |
| 711 | 02 | @a教育部@Ajiao yu bu@4审订 |
| 801 | 2 | @aCN@bNLC@c20070609 |
| 801 | 0 | @aCN@b上海图书馆@c20070609 |
| 905 | @f2@b148912-913@dG652.3@e20 | |
| 二、三年制师范专科学校教学大纲.供数学专业试用/教育部审订.-北京:高等教育出版社,1983 |
| 118页;21cm |
| 供物理专业试用 |
| ISBN :CNY0.36 |
| ● |
| 相关链接 |
|
|
|
|
正题名:二、三年制师范专科学校教学大纲
索取号:G652.3/20
 
预约/预借
| 序号 | 登录号 | 条形码 | 馆藏地/架位号 | 状态 | 备注 |
| 1 | 0148911 | 001001944 | 密集书库/ [索取号:G652.3/20] | 在馆 | |
| 2 | 0148912 | 001001891 | 密集书库/ [索取号:G652.3/20] | 在馆 | |
| 3 | 0148913 | 000494496 | 第一样本阅览室/ [索取号:G652.3/20] | 在馆 | |
| 4 | 0421289 | 204212896 | 密集书库/ [索取号:G652.3/20] | 在馆 | |
| 5 | 0422255 | 204222554 | 密集书库/ [索取号:G652.3/20] | 在馆 | |
| 6 | 0424231 | 204242319 | 密集书库/ [索取号:G652.3/20] | 在馆 | |
| 7 | 0424588 | 204245888 | 密集书库/ [索取号:G652.3/20] | 在馆 | |
| 8 | 0424835 | 204248359 | 密集书库/ [索取号:G652.3/20] | 在馆 | |
| 9 | 0425181 | 204251816 | 密集书库/ [索取号:G652.3/20] | 在馆 | |
| 10 | 0425185 | 204251852 | 密集书库/ [索取号:G652.3/20] | 在馆 | |
| 11 | 0425186 | 204251861 | 密集书库/ [索取号:G652.3/20] | 在馆 | |
| 12 | 0425187 | 204251870 | 密集书库/ [索取号:G652.3/20] | 在馆 | |
| 13 | 0425189 | 204251898 | 密集书库/ [索取号:G652.3/20] | 在馆 | |
| 14 | 0425190 | 204251905 | 密集书库/ [索取号:G652.3/20] | 在馆 | |
| 15 | 0425191 | 204251914 | 密集书库/ [索取号:G652.3/20] | 在馆 | |
| 16 | 0425192 | 204251923 | 密集书库/ [索取号:G652.3/20] | 在馆 | |
| 17 | 0425196 | 204251969 | 密集书库/ [索取号:G652.3/20] | 在馆 | |
| 18 | 0425200 | 204252003 | 密集书库/ [索取号:G652.3/20] | 在馆 | |
| 19 | 0425221 | 204252218 | 密集书库/ [索取号:G652.3/20] | 在馆 | |
| 20 | 0425222 | 204252227 | 密集书库/ [索取号:G652.3/20] | 在馆 | |
| 21 | 0425304 | 204253048 | 密集书库/ [索取号:G652.3/20] | 在馆 | |
| 22 | 0425316 | 204253164 | 密集书库/ [索取号:G652.3/20] | 在馆 | |
| 23 | 0425322 | 204253226 | 密集书库/ [索取号:G652.3/20] | 在馆 | |
| 24 | 0425323 | 204253235 | 密集书库/ [索取号:G652.3/20] | 在馆 | |
| 25 | 0426160 | 204261609 | 密集书库/ [索取号:G652.3/20] | 在馆 | |
| 26 | 0426161 | 204261618 | 密集书库/ [索取号:G652.3/20] | 在馆 | |
| 27 | 0426284 | 204262840 | 密集书库/ [索取号:G652.3/20] | 在馆 | |
| 28 | 0426285 | 204262859 | 密集书库/ [索取号:G652.3/20] | 在馆 | |
| 29 | 0441851 | 204418512 | 密集书库/ [索取号:G652.3/20] | 在馆 | |
| 30 | 0441852 | 204418521 | 密集书库/ [索取号:G652.3/20] | 在馆 | |
| 31 | 0441853 | 204418530 | 密集书库/ [索取号:G652.3/20] | 在馆 | |
| 32 | 0441854 | 204418549 | 密集书库/ [索取号:G652.3/20] | 在馆 | |
| 33 | 0442199 | 204421991 | 密集书库/ [索取号:G652.3/20] | 在馆 | |
| 34 | 0442200 | 204422008 | 密集书库/ [索取号:G652.3/20] | 在馆 | |
| 35 | 0446935 | 204469351 | 密集书库/ [索取号:G652.3/20] | 在馆 | |
| 36 | 0459536 | 204595367 | 密集书库/ [索取号:G652.3/20] | 在馆 | |
| 37 | 0471108 | 204711080 | 密集书库/ [索取号:G652.3/20] | 在馆 | |
| 38 | 0517871 | 205178715 | 密集书库/ [索取号:G652.3/20] | 在馆 | |
| 39 | 0517872 | 205178724 | 密集书库/ [索取号:G652.3/20] | 在馆 | |
| 40 | 0517873 | 205178733 | 密集书库/ [索取号:G652.3/20] | 在馆 | |
| 41 | 0517874 | 205178742 | 密集书库/ [索取号:G652.3/20] | 在馆 | |
| 42 | 0517875 | 205178751 | 密集书库/ [索取号:G652.3/20] | 在馆 | |
| 43 | 0517876 | 205178760 | 密集书库/ [索取号:G652.3/20] | 在馆 | |
| 44 | 0517877 | 205178779 | 密集书库/ [索取号:G652.3/20] | 在馆 | |
| 45 | 0517878 | 205178788 | 密集书库/ [索取号:G652.3/20] | 在馆 | |
| 46 | 0633573 | 206335731 | 密集书库/ [索取号:G652.3/20] | 在馆 | |
| 47 | 0633574 | 206335740 | 密集书库/ [索取号:G652.3/20] | 在馆 | |
| 48 | 0633575 | 206335759 | 密集书库/ [索取号:G652.3/20] | 在馆 |